| 000 | 00616nam a2200241Ia 4500 | ||
|---|---|---|---|
| 008 | 101110s9999 xx 000 0 und d | ||
| 041 | _aMARATHI | ||
| 082 | _bSR25058 | ||
| 100 | _aAjgaonkar Parag and Patkar, Anjali | ||
| 245 | _aMarketing finance Part II (SYBCOM) | ||
| 260 | _bSheth Publishers, Mumbai | ||
| 260 | _c2003 | ||
| 300 | _a157 | ||
| 365 | _b260 | ||
| 520 | _aCommerce | ||
| 520 | _aFree Suppliment | ||
| 546 | _aMARATHI | ||
| 630 | _aMarketing finance Part II (SYBCOM) | ||
| 650 | _aCommerce | ||
| 655 | _aCommerce | ||
| 730 | _aMarketing finance Part II (SYBCOM) | ||
| 942 | _cBOOK | ||
| 999 |
_c817713 _d817710 |
||